Christianity in crisis : (Record no. 10607)

MARC details
000 -LEADER
fixed length control field 01134cam a2200265 a 4500
001 - CONTROL NUMBER
control field 276274659
003 - CONTROL NUMBER IDENTIFIER
control field OCoLC
005 - DATE AND TIME OF LATEST TRANSACTION
control field 20250204101942.0
008 - FIXED-LENGTH DATA ELEMENTS--GENERAL INFORMATION
fixed length control field 081119s2009 tnu b 001 0 eng
020 ## - INTERNATIONAL STANDARD BOOK NUMBER
International Standard Book Number 9780849900068 (hardcover)
020 ## - INTERNATIONAL STANDARD BOOK NUMBER
International Standard Book Number 0849900069 (hardcover)
035 ## - SYSTEM CONTROL NUMBER
System control number (OCoLC)276274659
040 ## - CATALOGING SOURCE
Original cataloging agency DLC
Transcribing agency DLC
Modifying agency YDX
-- YDXCP
-- BUR
-- CQU
-- MZN
082 ## - DEWEY DECIMAL CLASSIFICATION NUMBER
Classification number 289.94
Item number HAN 1
090 ## - LOCALLY ASSIGNED LC-TYPE CALL NUMBER (OCLC); LOCAL CALL NUMBER (RLIN)
Classification number (OCLC) (R) ; Classification number, CALL (RLIN) (NR) BR1643.5
Local cutter number (OCLC) ; Book number/undivided call number, CALL (RLIN) .H37 2009
100 1# - MAIN ENTRY--PERSONAL NAME
Personal name Hanegraaff, Hank
245 10 - TITLE STATEMENT
Title Christianity in crisis :
Remainder of title the 21st century /
Statement of responsibility, etc. Hank Hanegraaff
260 ## - PUBLICATION, DISTRIBUTION, ETC.
Place of publication, distribution, etc. Nashville, Tenn. :
Name of publisher, distributor, etc. Thomas Nelson,
Date of publication, distribution, etc. c2009
300 ## - PHYSICAL DESCRIPTION
Extent xx, 427 p. ;
Dimensions 25 cm
504 ## - BIBLIOGRAPHY, ETC. NOTE
Bibliography, etc. note Includes bibliographical references (p. 356-427) and indexes
505 0# - FORMATTED CONTENTS NOTE
Formatted contents note Turning truth into mythology -- Faith in faith -- Little gods -- Atonement atrocities -- Wealth and want -- Sickness and suffering -- Back to basics
520 ## - SUMMARY, ETC.
Summary, etc. Hanegraaff attacks the Faith movement as contradictory to Biblical teaching, including numerous well-known megachurch leaders and televangelists, as well as Creative Visualization and New Thought
650 #0 - SUBJECT ADDED ENTRY--TOPICAL TERM
Topical term or geographic name entry element Faith movement (Hagin)
942 ## - ADDED ENTRY ELEMENTS (KOHA)
Source of classification or shelving scheme Dewey Decimal Classification
Koha item type Books
Suppress in OPAC No
Holdings
Withdrawn status Lost status Source of classification or shelving scheme Damaged status Not for loan Collection Home library Current Library Shelving location Date acquired Total checkouts Full call number Barcode Date last seen Date last checked out Copy number Price effective from Koha item type
    Dewey Decimal Classification     Church History GRACE BIBLE COLLEGE GRACE BIBLE COLLEGE Church History 2025-02-04 1 289.94 HAN 020990 2025-05-27 2025-05-26 c.1 2025-02-04 Books
© Grace Bible College Library 2025